000 01054cam a22003497a 4500
001 000074242
003 CHAP
005 20260126083212.0
008 971013s1987 r 00010 d
010 _a71477
011 _a72449
020 _a9688840033
035 _a82004
040 _cCHAP
090 _aFolleto 13355
100 0 0 _aUranga López, Lourdes
_9116815
245 1 3 _aEl tema campesino en la pintura de Pablo O'Higgins.
260 _aChapingo, Méx. :
_bUACH. Dirección de Difusión Cultural,
_c1987.
300 _a62 p. :
_b: ilus.
590 _aBATCH-UPD
_b10
_c20130110
_lUCH01
_h0526
590 _aBATCH-UPD
_b10
_c20130410
_lUCH01
_h0206
590 _aBATCH-UPD
_b10
_c20130914
_lUCH01
_h0829
590 _aCONVERSION
_b10
_c20130109
_lUCH01
_h1339
590 _aE6096MTM
_b05
_c20160921
_lUCH01
_h1449
650 1 4 _aCampesinado.
_917993
650 1 4 _aPintores mexicanos.
_988310
650 1 4 _aPintura mural.
_988312
901 _aBK
942 _cFOLL
942 _n0
949 _aFolleto 13355
_bBC
_cUACH
_d-35790
_eUACH
_i82004
_si
999 _c71477
_d71477